<?xml version='1.0' encoding='UTF-8'?>
  <record xmlns="http://www.loc.gov/MARC21/slim">
    <leader>00000ckm a2200000 i 4500</leader>
    <controlfield tag="001">ocn980445307</controlfield>
    <controlfield tag="003">OCoLC</controlfield>
    <controlfield tag="005">20240127100239.6</controlfield>
    <controlfield tag="008">050330s1694    ne nnn            cndut d</controlfield>
    <datafield tag="040" ind1=" " ind2=" ">
      <subfield code="a">QGJ</subfield>
      <subfield code="b">dut</subfield>
      <subfield code="c">QGJ</subfield>
      <subfield code="d">OCLCQ</subfield>
      <subfield code="d">OCLCL</subfield>
    </datafield>
    <datafield tag="035" ind1=" " ind2=" ">
      <subfield code="a">(OCoLC)980445307</subfield>
    </datafield>
    <datafield tag="245" ind1="0" ind2="0">
      <subfield code="a">[Vier prenten van bijzondere gebouwen behorende tot de wandkaart getiteld Rotterdam met al syn gebouwen net op haer maet geteekent en gesneden] /</subfield>
      <subfield code="c">[Joannes de Vou] ; [graveur: Romeyn de Hooghe].</subfield>
    </datafield>
    <datafield tag="264" ind1=" " ind2="1">
      <subfield code="a">[Plaats van uitgave niet vastgesteld] :</subfield>
      <subfield code="b">[Uitgever niet vastgesteld],</subfield>
      <subfield code="c">1694.</subfield>
    </datafield>
    <datafield tag="300" ind1=" " ind2=" ">
      <subfield code="a">4 prenten :</subfield>
      <subfield code="b">kopergrav. ;</subfield>
      <subfield code="c">elk 15 x 17 cm, gemonteerd op smalle strook papier</subfield>
    </datafield>
    <datafield tag="336" ind1=" " ind2=" ">
      <subfield code="a">niet-bewegend beeld</subfield>
      <subfield code="b">sti</subfield>
      <subfield code="2">rdacontent/dut</subfield>
    </datafield>
    <datafield tag="337" ind1=" " ind2=" ">
      <subfield code="a">zonder medium</subfield>
      <subfield code="b">n</subfield>
      <subfield code="2">rdamedia/dut</subfield>
    </datafield>
    <datafield tag="338" ind1=" " ind2=" ">
      <subfield code="a">vel</subfield>
      <subfield code="b">nb</subfield>
      <subfield code="2">rdacarrier/dut</subfield>
    </datafield>
    <datafield tag="500" ind1=" " ind2=" ">
      <subfield code="a">Betreft: t Stathuys; t Gemene-lantshuys; S Laurents, nu de Groote Kerck; S Pieter oft De Franse Kerck.</subfield>
    </datafield>
    <datafield tag="651" ind1=" " ind2="7">
      <subfield code="a">Rotterdam (stad)</subfield>
      <subfield code="0">(NL-LeOCL)089602668.</subfield>
      <subfield code="2">gtt</subfield>
    </datafield>
    <datafield tag="700" ind1="1" ind2=" ">
      <subfield code="a">Vou, Joannes de.</subfield>
    </datafield>
    <datafield tag="700" ind1="1" ind2=" ">
      <subfield code="a">Hooghe, Romeyn de,</subfield>
      <subfield code="d">1645-1708.</subfield>
    </datafield>
    <datafield tag="758" ind1=" " ind2=" ">
      <subfield code="a">[Vier prenten van bijzondere gebouwen behorende tot de wandkaart getiteld Rotterdam met al syn gebouwen net op haer maet geteekent en gesneden] (StillImage)</subfield>
      <subfield code="1">https://id.oclc.org/worldcat/entity/E39PCYwQTgPG7whTKq6JWXtbRq</subfield>
      <subfield code="4">https://id.oclc.org/worldcat/ontology/hasWork</subfield>
    </datafield>
  </record>